[Event "GAMMA Reykjavik Open 2019"]
[Site "Reykjavik"]
[Date "2019.04.09"]
[Round "3.27"]
[White "Eggleston, David J"]
[Black "Marttala, Thomas"]
[Result "1-0"]
[WhiteElo "2401"]
[BlackElo "2131"]
[Annotator "TA"]
[PlyCount "87"]
[EventDate "2019.04.04"]
[EventType "swiss"]
[EventCountry "ISL"]
[SourceTitle "playchess.com"]
[Source "ChessBase"]
[SourceQuality "1"]

{[%evp 26,87,85,105,115,81,79,44,66,37,39,35,56,16,17,10,15,10,16,0,0,0,0,-3,0,-6,0,0,0,-8,0,-13,-13,-17,-16,-12,-14,-22,-30,-40,-23,-14,0,0,0,0,144,128,140,143,133,143,135,134,121,159,143,134,139,161,516,515,793,786]} 1. e4 c5 2. Nf3 Nc6 3. d4 cxd4 4. Nxd4 Nf6 5. Nc3 e6 6. Ndb5 Bb4 7. a3 Bxc3+ 8. Nxc3 d5 9. exd5 exd5 10. Bd3 O-O 11. O-O h6 12. Bf4 d4 13. Nb5 Nd5 14. Bg3 {LiveBook: 8 Games} Qf6 {B45: Sicilian Four Knights} (14... Be6 15. Re1 Qd7 16. Nd6 Rad8 17. Qf3 Qe7 18. Nc4 Rfe8 19. Re2 Qd7 20. Rae1 Nde7 21. Nd6 Rf8 22. h3 {1-0 (43) Naumann,A (2563)-Michna,C (2270) Germany 2017}) 15. Nd6 $146 ({Predecessor:} 15. Re1 Bf5 16. Bxf5 Qxf5 17. Nxd4 Nxd4 18. Qxd4 Nb6 19. c4 Rac8 20. b3 Rfd8 21. Qb2 Rd3 22. Rad1 Rcd8 23. Rxd3 Rxd3 24. h3 Qd7 25. Qc2 Rd2 26. Qe4 Rd3 27. c5 Nc8 28. Bd6 {1-0 (28) Iglesias,J (2305)-Chiponi,J (2011) Mar del Plata 2011}) 15... Nf4 16. Qd2 Qxd6 {White is slightly better.} 17. Bxf4 Qf6 18. Rfe1 Bf5 19. Bg3 (19. Bxh6 $5 Bxd3 20. Bg5 $16) 19... Qg6 20. Rad1 Rfe8 21. h3 Bxd3 22. Rxe8+ Rxe8 23. cxd3 Qe6 24. Kf1 Qb3 25. Rc1 Qe6 26. Rc4 a5 27. Rc1 f6 28. b4 axb4 29. axb4 Qb3 30. Bd6 Re6 31. Bc5 Ne5 32. Re1 Kf7 33. Rd1 Ra6 34. Bxd4 Ra2 35. Qc1 Nxd3 (35... Rc2 $11 {remains equal.} 36. Qe3 Rc3) 36. Qc7+ $16 {[%mdl 64] Double Attack} Ke6 {[%cal Rb3d1]} 37. Qc8+ Kf7 {[%cal Rb3d1]} 38. Qxb7+ Kg8 {[%cal Rb3d1]} 39. Qc8+ Kf7 {[%cal Rb3d1]} 40. Qd7+ Kf8 {[%cal Rb3d1]} 41. Qg4 $1 $36 {[%mdl 2048] Keeping Black busy.} Qc2 {[%cal Rd3f2] [#]} 42. Qf3 $1 Nxb4 $2 {[#]} (42... Ra3 43. Be3 Kg8) 43. Bxf6 $1 $18 {[%mdl 512]} Qc4+ (43... Qxf2+ $142 44. Qxf2 Rxf2+ 45. Kxf2 gxf6) (43... gxf6 44. Qxf6+) 44. Kg1 {Accuracy: White = 62%, Black = 39%.} 1-0

[Event "GAMMA Reykjavik Open 2019"]
[Site "Reykjavik"]
[Date "2019.04.09"]
[Round "3.28"]
[White "Siddharth, Jagadeesh"]
[Black "Thorfinnsson, Bjorn"]
[Result "1/2-1/2"]
[WhiteElo "2132"]
[BlackElo "2399"]
[Annotator "TA"]
[PlyCount "72"]
[EventDate "2019.04.04"]
[EventType "swiss"]
[EventCountry "ISL"]
[SourceTitle "playchess.com"]
[Source "ChessBase"]
[SourceQuality "1"]

{[%evp 27,72,0,0,0,0,0,0,0,0,2,86,72,80,84,103,106,114,10,8,0,0,0,0,0,0,0,0,0,0,0,0,0,91,-14,0,-439,0,-440,-43,-54,80,-18,0,-143,-139,-127,-94]} 1. Nf3 Nf6 2. c4 b6 3. g3 Bb7 4. Bg2 c5 5. O-O g6 6. b3 Bg7 7. Bb2 O-O 8. Nc3 d5 9. Nxd5 Nxd5 10. Bxg7 Kxg7 11. cxd5 Qxd5 12. d4 Na6 13. dxc5 Nxc5 14. Qxd5 Bxd5 15. Rfd1 {A30: Symmetrical English: Double Fianchetto and Hedgehog} Rfd8 16. Rac1 a5 (16... Kf6 17. h4 Rac8 18. b4 Bxf3 19. Rxd8 Rxd8 20. Bxf3 Ne6 21. Rc3 Nd4 22. Rc7 Nb5 23. Rb7 Rd4 24. a4 Nd6 {½-½ (24) Howell,D (2698)-Van Kampen,R (2646) Germany 2018}) 17. Ne5 {The position is equal.} Bxg2 18. Kxg2 Kf6 $146 (18... Rxd1 $11 19. Rxd1 a4) ({Predecessor:} 18... Rxd1 19. Rxd1 f6 20. Nd3 a4 21. Nxc5 bxc5 {½-½ (30) Andersson,U (2545)-Milliet,S (2391) Caleta 2014}) 19. Rxd8 $1 $16 Rxd8 {[%mdl 4096] Endgame KRN-KRN} 20. Nc4 Nb7 21. Nxb6 Rd2 22. e3 (22. a4 $16) 22... Rxa2 $11 23. Nd5+ Ke6 24. Nf4+ Kd6 25. Rd1+ Kc6 26. Rc1+ Kd6 27. Rd1+ Kc6 28. Rc1+ Kd6 29. Rd1+ Ke5 {[#]} (29... Kc6 $11 {remains equal.}) 30. Nd5 (30. Rd7 $1 $16 {[%cal Rd7e7]} Nd6 31. Rxe7+ Kf6 32. Nd5+ Kg7 33. Kf3) 30... Ke6 31. Nxe7 $2 {[%mdl 8192]} (31. Nc7+ $11 {and White has nothing to worry.} Kf6 32. Ne8+ Ke6 33. Nc7+ Kf6 34. Ne8+ Ke6 35. Nc7+) 31... Nd6 $2 (31... Kxe7 $19 32. Rd5 Ke6) 32. Rc1 $2 {[%mdl 8192]} (32. Nc6 $11) 32... Ne4 $2 (32... Kxe7 $19 33. Rc7+ Ke6) 33. Nc6 $15 Kf6 {[#]} (33... Nxf2 $15 {keeps the upper hand.} 34. Kf3 Nd3) 34. Nd4 ({White should play} 34. Rc4 $1 $16 {[%cal Rc4e4]} Nd2 35. Ra4 Rxa4 36. bxa4) 34... Ke5 35. Rc2 (35. Rf1 $11) 35... Rxc2 $17 36. Nxc2 Nd2 {Accuracy: White = 32%, Black = 30%.} 1/2-1/2

[Event "GAMMA Reykjavik Open 2019"]
[Site "Reykjavik"]
[Date "2019.04.09"]
[Round "3.29"]
[White "Tania, Sachdev"]
[Black "Maroroa, Sue"]
[Result "1-0"]
[WhiteElo "2397"]
[BlackElo "2128"]
[Annotator "TA"]
[PlyCount "53"]
[EventDate "2019.04.04"]
[EventType "swiss"]
[EventCountry "ISL"]
[SourceTitle "playchess.com"]
[Source "ChessBase"]
[SourceQuality "1"]

{[%evp 20,53,39,41,39,61,51,65,82,64,149,145,147,141,236,216,223,200,393,401,464,464,467,449,452,460,452,444,438,413,460,405,664,679,802,794]} 1. d4 Nf6 2. c4 g6 3. Nc3 Bg7 4. e4 d6 5. f3 O-O 6. Nge2 c5 7. d5 e6 8. Ng3 exd5 9. cxd5 Nh5 10. Nxh5 {A65: Modern Benoni: 6 e4} gxh5 11. Be2 {LiveBook: 3 Games} (11. Qd2 Qh4+ 12. g3 Qf6 13. Be2 Bh3 14. Qg5 Qg6 15. Qh4 Bc8 16. O-O Bf6 17. Qf4 Be5 {½-½ (82) Gupta,A (2588)-Jones,G (2677) chess.com INT 2018}) 11... f5 12. O-O {White is slightly better.} f4 13. g3 $146 {[%cal Bg2g3,Bg3f4][%mdl 32]} ({Predecessor:} 13. Kh1 h4 14. Bd2 Nd7 15. Qc1 Be5 16. Nd1 Qg5 17. Nf2 Nf6 {½-½ (29) Holroyd,K (2529)-Aguiar Garcia,J (2426) ICCF email 2015}) 13... Bh3 14. Rf2 ({Don't play} 14. gxf4 Bxf1 15. Bxf1 Kh8 $11) 14... Bd4 ({Black should try} 14... fxg3 $14 15. hxg3 Bd4) 15. Bxf4 $16 Rxf4 16. gxf4 Kh8 (16... Qh4 $16 {was worth a try.} 17. Qe1 a6) 17. Qe1 $18 Nd7 {[#] ( -> ...Qh4)} 18. Nb5 $1 {[%cal Rb5d4]} Bxb2 $2 (18... Bxf2+ 19. Kxf2 Nf6) 19. Bf1 Bxf1 20. Rxb2 Bxb5 21. Qc3+ ({Less strong is} 21. Rxb5 Qf6 $18) 21... Qf6 22. Qxf6+ Nxf6 23. Rxb5 b6 24. a4 {[%cal Ba2a4,Ba4a5,Ba5b6][%mdl 32]} Nd7 25. Kf2 Kg7 (25... a6 $142) 26. a5 a6 27. axb6 {Precision: White = 89%, Black = 40%.} 1-0

[Event "GAMMA Reykjavik Open 2019"]
[Site "Reykjavik"]
[Date "2019.04.09"]
[Round "3.30"]
[White "Van de Plassche, Bas"]
[Black "Munshi, Aditya"]
[Result "1/2-1/2"]
[WhiteElo "2376"]
[BlackElo "2113"]
[Annotator "TA"]
[PlyCount "82"]
[EventDate "2019.04.04"]
[EventType "swiss"]
[EventCountry "ISL"]
[SourceTitle "playchess.com"]
[Source "ChessBase"]
[SourceQuality "1"]

{[%evp 22,82,2,0,18,9,9,4,33,14,25,26,22,28,16,8,41,29,20,28,54,47,40,51,56,51,45,44,84,40,79,53,64,15,6,17,15,0,0,0,8,8,8,-12,0,-56,-49,-62,-63,-64,-58,-68,-57,-60,-70,-68,-59,-68,-9,-10,-14,-12,-15]} 1. d4 Nf6 2. c4 e6 3. Nc3 Bb4 4. e3 O-O 5. Bd3 d5 6. cxd5 exd5 7. Nge2 Re8 8. Bd2 {E48: Nimzo-Indian: Rubinstein: 5 Bd3 d5 including 6 Ne2, but excluding 6 a3} (8. O-O Bd6 9. Bd2 Nbd7 10. Rc1 a6 11. Ng3 Nf8 12. Nce2 Ne4 13. Be1 c6 14. a4 Nxg3 15. Nxg3 a5 16. Qb3 g6 {½-½ (50) Yu,Y (2765)-Leko,P (2690) Porto Carras 2018}) 8... c5 9. a3 Bxc3 10. Bxc3 c4 11. Bc2 Nc6 12. O-O {LiveBook: 6 Games} Ne4 $146 ({Predecessor:} 12... b5 13. b3 Ne4 14. bxc4 bxc4 15. Be1 Rb8 {½-½ (26) Aleksandrov,A (2559)-Kozak,A (2411) Zalakaros 2017}) 13. b3 cxb3 14. Bxb3 Bf5 15. Be1 Rc8 16. Nf4 Nf6 17. Rc1 Qd6 18. Bc3 Qxa3 19. Nxd5 Nxd5 20. Bxd5 Ne7 21. Qb3 Qxb3 22. Bxb3 Bd3 23. Rfe1 Bc4 24. Bc2 Ba6 25. Bb2 Nd5 26. Bf5 (26. Be4 {looks sharper.} Rcd8 27. f3 g6 28. Bxd5 Rxd5 29. Rc7) 26... Rc4 27. Rxc4 (27. Ra1 {is more complex.} g6 28. Bd3 Rb4 29. Bxa6 Rxb2 30. Bc4) 27... Bxc4 28. Ra1 a6 29. g3 g6 30. Bh3 f5 31. Bg2 Rd8 32. Ra3 Kf7 33. f3 (33. Ra4 $11 Bd3 34. Ra5) 33... Rd6 {And now ...Rb6 would win.} 34. e4 Rb6 35. Ba1 $1 Rb1+ 36. Kf2 Nb4 $1 {[%cal Rb4d3] Threatens to win with ...Nd3+.} 37. Bc3 $1 Nd3+ 38. Ke3 Ne1 39. Kf2 Nc2 (39... Nxg2 $15 40. Kxg2 Bd3) 40. Ra4 $1 $11 {[%cal Ra4c4]} Bb5 41. Ra2 Nb4 {Precision: White = 51%, Black = 43%.} 1/2-1/2

[Event "GAMMA Reykjavik Open 2019"]
[Site "Reykjavik"]
[Date "2019.04.09"]
[Round "3.31"]
[White "Vaishali R"]
[Black "Maxion, Dirk"]
[Result "1-0"]
[WhiteElo "2353"]
[BlackElo "2110"]
[Annotator "RC"]
[PlyCount "109"]
[EventDate "2019.04.04"]
[EventType "swiss"]
[EventCountry "ISL"]
[SourceTitle "playchess.com"]
[Source "ChessBase"]
[SourceQuality "1"]
[TimeControl "40/5400+30:1800+30"]

1. d4 {[%emt 0:00:43]} Nf6 {[%emt 0:00:43]} 2. Bg5 {[%emt 0:00:12]} Ne4 {[%emt 0:00:51]} 3. h4 {[%emt 0:00:21]} c5 {[%emt 0:01:16]} 4. dxc5 {[%emt 0:00:41]} Qa5+ {[%emt 0:04:18]} 5. Nd2 {[%emt 0:00:19]} Nxg5 {[%emt 0:01:25]} 6. hxg5 {[%emt 0:00:03]} Qxc5 {[%emt 0:00:16]} 7. Ngf3 {[%emt 0:00:13]} g6 {[%emt 0:01:40]} 8. e3 {[%emt 0:08:32]} Bg7 {[%emt 0:00:09]} 9. c3 {[%emt 0:02:57]} d6 {[%emt 0:02:12]} 10. Ne4 {[%emt 0:07:14]} Qb6 {[%emt 0:01:35]} 11. Qb3 {[%emt 0:02:04]} Qxb3 {[%emt 0:03:53]} 12. axb3 {[%emt 0:00:03]} Nc6 {[%emt 0:09:58]} 13. Bc4 {[%emt 0:04:10]} Bf5 {[%emt 0:04:13]} 14. Ng3 {[%emt 0:02:53]} Bd7 {[%emt 0:01:13]} 15. b4 {[%emt 0:09:08]} O-O {[%emt 0:10:40]} 16. Kd2 {[%emt 0:05:10]} Rfc8 {[%emt 0:01:33]} 17. Rh4 {[%emt 0:04:57]} a5 {[%emt 0:06:54]} 18. b5 {[%emt 0:03:44]} Ne5 {[%emt 0:00:44]} 19. Bd5 {[%emt 0:14:29]} Rc5 {[%emt 0:01:34]} 20. c4 {[%emt 0:11:25]} Nxf3+ {[%emt 0:20:46]} 21. Bxf3 {[%emt 0:04:07]} Rxg5 {[%emt 0:05:09]} 22. Bxb7 {[%emt 0:02:19]} Rb8 {[%emt 0:00:49]} 23. Ba6 {[%emt 0:03:12]} d5 {[%emt 0:04:22]} 24. Rxa5 {[%emt 0:03:38]} dxc4 {[%emt 0:01:00]} 25. Rxc4 {[%emt 0:00:53]} Bxb2 {[%emt 0:01:52]} 26. Rb4 {[%emt 0:08:09]} Rd5+ {[%emt 0:03:45]} 27. Kc2 {[%emt 0:00:35]} Be5 {[%emt 0:01:12]} 28. Ne4 {[%emt 0:00:54]} f5 {[%emt 0:04:00]} 29. Nd2 {[%emt 0:00:49]} Be6 {[%emt 0:01:17]} 30. Raa4 {[%emt 0:00:31]} Rc5+ {[%emt 0:02:57]} 31. Nc4 {[%emt 0:00:21]} Bf6 {[%emt 0:00:59]} 32. b6 {[%emt 0:00:25]} Bd7 {[%emt 0:00:23]} 33. Ra5 {[%emt 0:00:34]} Rc6 {[%emt 0:01:19]} 34. b7 {[%emt 0:00:40]} Be6 {[%emt 0:00:04]} 35. Kd3 {[%emt 0:00:29]} Kg7 {[%emt 0:00:12]} 36. Ra3 {[%emt 0:00:30]} Bd5 {[%emt 0:00:33]} 37. f3 {[%emt 0:00:25]} e5 {[%emt 0:00:13]} 38. e4 {[%emt 0:00:20]} fxe4+ {[%emt 0:00:10]} 39. fxe4 {[%emt 0:00:03]} Be6 {[%emt 0:00:33]} 40. Ra1 {[%emt 0:00:00]} Be7 {[%emt 0:00:00]} 41. Rb2 {[%emt 0:05:00]} Bc5 {[%emt 0:03:10]} 42. Ra5 {[%emt 0:06:36]} Bd4 {[%emt 0:13:28]} 43. Rc2 {[%emt 0:01:36]} Rd8 {[%emt 0:01:47]} 44. Ke2 {[%emt 0:08:21]} Bg4+ {[%emt 0:01:00]} 45. Ke1 {[%emt 0:00:02]} Rf6 {[%emt 0:02:56]} 46. Rd5 {[%emt 0:01:34]} Rdf8 {[%emt 0:02:24]} 47. Nd6 {[%emt 0:04:11]} Bf2+ {[%emt 0:04:43]} 48. Kd2 {[%emt 0:00:29]} Ba7 {[%emt 0:00:11]} 49. Bb5 {[%emt 0:01:34]} Rf2+ {[%emt 0:02:26]} 50. Kc1 {[%emt 0:00:22]} Be3+ {[%emt 0:03:41]} 51. Kb2 {[%emt 0:01:30]} Be6 {[%emt 0:00:32]} 52. Ne8+ {[%emt 0:02:20]} Rxe8 {[%emt 0:01:22]} 53. Bxe8 {[%emt 0:00:08]} Bxd5 {[%emt 0:00:10]} 54. Rxf2 {[%emt 0:00:42]} Bd4+ {[%emt 0:00:11]} 55. Ka3 {[%emt 0:00:56]} 1-0

[Event "GAMMA Reykjavik Open 2019"]
[Site "Reykjavik"]
[Date "2019.04.10"]
[Round "4.1"]
[White "Hovhannisyan, Robert"]
[Black "Movsesian, Sergei"]
[Result "1/2-1/2"]
[WhiteElo "2630"]
[BlackElo "2637"]
[Annotator "TA"]
[PlyCount "29"]
[EventDate "2019.04.04"]
[EventType "swiss"]
[EventCountry "ISL"]
[SourceTitle "playchess.com"]
[Source "ChessBase"]
[SourceQuality "1"]

{[%evp 13,29,25,20,14,51,49,62,49,59,-18,-4,-37,-39,-44,0,-6,0,-38]} 1. e4 c5 2. Nf3 e6 3. d4 cxd4 4. Nxd4 Nc6 5. Nc3 Qc7 6. Be2 a6 7. Nxc6 {B47: Sicilian: Taimanov: 5 Nc3 Qc7 6 f4, 6 g3 and 6 Be2} (7. O-O Nf6 8. Be3 Be7 9. f4 d6 10. Qe1 O-O 11. Qg3 Nxd4 12. Bxd4 b5 13. a3 Bb7 14. Rae1 Bc6 15. Kh1 Rad8 16. Bd3 Qd7 17. b4 Nh5 18. Qg4 Nf6 19. Qg3 Nh5 20. Qg4 Nf6 21. Qg3 Qb7 22. Qh3 h6 23. Rf3 Qc8 {1-0 (56) Azarov,S (2575)-So,W (2765) chess.com INT 2019}) 7... bxc6 {LiveBook: 4 Games} 8. Qd3 Bd6 $146 ({Predecessor:} 8... d5 9. Qg3 Qxg3 10. hxg3 Rb8 11. b3 Bb4 12. Bd2 Nf6 13. O-O-O O-O 14. f3 c5 15. exd5 Bxc3 16. Bxc3 Nxd5 {1-0 (27) Motylev,A (2660)-Iljiushenok,I (2516) Sochi 2018}) 9. Be3 {White is slightly better.} Nf6 10. O-O-O Be7 11. Na4 (11. g4 $14) 11... d5 12. Bb6 Qf4+ 13. Be3 Qc7 14. Bb6 Qf4+ 15. Be3 1/2-1/2

[Event "GAMMA Reykjavik Open 2019"]
[Site "Reykjavik"]
[Date "2019.04.10"]
[Round "4.2"]
[White "Prithu Gupta"]
[Black "Grandelius, Nils"]
[Result "0-1"]
[WhiteElo "2478"]
[BlackElo "2687"]
[Annotator "TA"]
[PlyCount "50"]
[EventDate "2019.04.04"]
[EventType "swiss"]
[EventCountry "ISL"]
[SourceTitle "playchess.com"]
[Source "ChessBase"]
[SourceQuality "1"]

{[%evp 9,50,-3,6,15,18,18,18,8,16,14,17,4,45,54,63,78,76,64,85,78,121,-69,-63,-38,-39,-72,-72,-191,-152,-591,-604,-601,-574,-576,-602,-600,-603,-612,-587,-600,-589,-602,-596]} 1. c4 e6 2. g3 d5 3. Bg2 dxc4 4. Nf3 a6 5. O-O Nc6 6. Qc2 {A13: English Opening: 1...e6} (6. Na3 Bxa3 7. bxa3 e5 8. Rb1 Nge7 9. Qc2 Bf5 10. e4 Bg4 11. Rxb7 Bxf3 12. Bxf3 {0-1 (41) Aronian,L (2785)-Grandelius,N (2643) Doha 2016}) 6... b5 7. b3 Nb4 $1 {[%cal Rb4c2]} 8. Qb2 $146 {The position is equal.} ({Predecessor:} 8. Qe4 Rb8 9. Nc3 Nf6 10. Qb1 cxb3 11. axb3 Bb7 12. Ba3 {0-1 (43) Vereggen,L (2340)-Admiraal,M (2421) Netherlands 2015}) 8... cxb3 9. Ne5 Nd5 10. a4 b4 (10... bxa4 $5 {[%cal Rf7f6]} 11. Rxa4 f6 $15) 11. e4 {[%mdl 1024] White has compensation.} Nde7 12. d4 $1 Nf6 13. Bg5 h6 14. Be3 g6 15. d5 $2 ({Much weaker is} 15. Qxb3 $6 a5 $11) ({Better is} 15. a5 $16) 15... exd5 $15 {Threatens to win with ...Bg7.} 16. exd5 {aiming for d6.} Bg7 $1 {White must now prevent ...Ng4.} (16... Nexd5 17. Re1 $11) 17. Bd4 O-O ({But not} 17... Nfxd5 $6 {[#]} 18. Nc6 $1 $14 {[%mdl 512]}) 18. d6 (18. Nd2 $17) 18... cxd6 19. Bxa8 $2 (19. Nxg6 $17 {is more resistant.} fxg6 20. Bxa8) 19... dxe5 $19 {Black is clearly winning.} 20. Bxe5 Bh3 {[%mdl 64] [#] Discovered Attack} 21. Bg2 Bxg2 22. Kxg2 Nc6 23. f4 Nxe5 24. fxe5 Ng4 25. Qxb3 Qd4 {[%mdl 64] Double Attack. Accuracy: White = 41%, Black = 80%.} 0-1

[Event "GAMMA Reykjavik Open 2019"]
[Site "Reykjavik"]
[Date "2019.04.10"]
[Round "4.3"]
[White "Sadzikowski, Daniel"]
[Black "Firouzja, Alireza"]
[Result "0-1"]
[WhiteElo "2523"]
[BlackElo "2669"]
[Annotator "TA"]
[PlyCount "106"]
[EventDate "2019.04.04"]
[EventType "swiss"]
[EventCountry "ISL"]
[SourceTitle "playchess.com"]
[Source "ChessBase"]
[SourceQuality "1"]

{[%evp 14,106,33,10,21,16,27,12,10,12,14,14,36,33,34,16,18,12,18,0,0,0,25,19,17,0,0,0,0,-18,-8,-6,5,0,0,-33,-20,-86,-77,-87,-86,-89,-69,-219,-220,-244,-235,-237,-216,-275,-201,-422,-409,-486,-500,-500,-497,-477,-498,-489,-489,-461,-481,-495,-498,-495,-493,-477,-486,-477,-480,-441,-421,-433,-391,-424,-427,-420,-406,-489,-427,-404,-397,-391,-390,-387,-386,-385,-374,-358,-339,-470,-475,-565,-509]} 1. d4 d5 2. c4 c6 3. Nf3 Nf6 4. Nc3 e6 5. Bg5 h6 6. Bxf6 Qxf6 7. e3 Nd7 8. Be2 g6 {D43: Semi-Slav: 5 Bg5 h6} (8... dxc4 9. O-O Bd6 10. Bxc4 Qe7 11. Rc1 O-O 12. Ne4 Bc7 13. Bb3 Kh8 14. Nc5 Nxc5 15. Rxc5 Rd8 16. Qc2 Bd7 17. Qe4 Bd6 18. Rc3 Rac8 19. Rfc1 Be8 20. h3 Rc7 21. a3 Rdc8 22. Bc2 g6 23. Nd2 c5 24. Bb3 {½-½ (24) Mamedyarov,S (2817)-Dubov,D (2703) St Petersburg 2018}) 9. O-O Qe7 10. Rb1 $146 ({Predecessor:} 10. e4 dxe4 11. Nxe4 f5 12. Ned2 c5 13. b4 b6 14. bxc5 bxc5 15. Qa4 Bg7 {½-½ (33) Neto,H (2592)-Jaulneau,C (2548) ICCF email 2011}) 10... Bg7 {The position is equal.} 11. cxd5 exd5 12. b4 b5 13. a4 a6 $1 14. a5 O-O 15. Na2 Nf6 16. Ne5 Bb7 17. Rc1 Rac8 18. Nd3 Ne4 19. Nc3 Nd6 20. Kh1 h5 21. Re1 Rfe8 22. Bf1 Qh4 23. Rc2 Rcd8 24. Nc5 Bc8 25. Qd2 (25. Kg1 $11) 25... Bf8 $17 26. Rcc1 Nc4 27. Bxc4 dxc4 $40 {[%mdl 128] Black has some attack.} 28. g3 {[#]} ({Better is} 28. Ra1 $15) 28... Qf6 $1 $19 {[%cal Rf6f3] ( -> ...Qf3+)} 29. f4 Bxc5 30. bxc5 Bf5 31. Qb2 Bd3 32. Nd1 $2 {[#]} (32. Kg1) 32... Qxd4 $1 {[%mdl 512]} 33. exd4 (33. Qxd4 Rxd4) 33... Rxe1+ 34. Kg2 {And now Nc3 would win.} Re2+ 35. Qxe2 Bxe2 {[%mdl 4096] Endgame KRB-KRN} 36. Nc3 Bg4 37. h3 Bf5 38. g4 hxg4 39. hxg4 Bxg4 40. Na2 Rxd4 41. Nb4 Bf5 42. Nxa6 Rd2+ 43. Kf3 {Now Nb4 and White clings on.} Ra2 44. Nb4 Rxa5 45. Nxc6 Ra3+ 46. Kf2 Rd3 47. Ke2 Rd7 48. Nb4 Rc7 49. c6 Be4 50. Ke3 Bxc6 51. Kd4 Bb7 52. Rc3 Kg7 53. Ke5 Rc5+ {Accuracy: White = 47%, Black = 78%.} 0-1

[Event "GAMMA Reykjavik Open 2019"]
[Site "Reykjavik"]
[Date "2019.04.10"]
[Round "4.4"]
[White "L'Ami, Erwin"]
[Black "Brunello, Sabino"]
[Result "1/2-1/2"]
[WhiteElo "2647"]
[BlackElo "2534"]
[Annotator "TA"]
[PlyCount "51"]
[EventDate "2019.04.04"]
[EventType "swiss"]
[EventCountry "ISL"]
[SourceTitle "playchess.com"]
[Source "ChessBase"]
[SourceQuality "1"]

{[%evp 16,51,37,0,2,0,0,0,0,0,0,0,0,0,0,0,2,0,18,0,0,0,0,0,0,0,0,0,0,0,0,0,0,0,0,0,0,0]} 1. d4 Nf6 2. c4 e6 3. Nf3 d5 4. Nc3 Bb4 5. Bg5 h6 6. Bxf6 Qxf6 7. e3 c5 8. cxd5 exd5 9. Rc1 c4 {The position is equal. D38: Queen's Gambit Declined: Ragozin Defence (4 Nf3 Bb4)} 10. Qa4+ (10. Nd2 Bxc3 11. bxc3 O-O 12. g3 Bf5 13. Bg2 Rd8 14. O-O Bd3 15. Re1 Qa6 16. e4 Nd7 17. e5 {1-0 (48) Khalifman,A (2660)-Aleksandrov,A (2615) Elista 1998}) 10... Nc6 11. Bxc4 dxc4 12. d5 Bxc3+ 13. Rxc3 a6 $146 {[#] And now ...b5 would win.} ({Predecessor:} 13... Bd7 14. dxc6 Bxc6 15. Qxc4 O-O 16. Qg4 Rad8 17. Nd4 {½-½ (49) Aberg,L (2046)-Sharpell,F (2200) LSS email 2008}) 14. dxc6 b5 15. Qb4 Qxc6 {Hoping for ...a5.} 16. a4 Bh3 17. O-O Bxg2 $1 18. Kxg2 {[#] aiming for Rd1.} Qg6+ $1 19. Kh1 {Threatens to win with e4.} Qe4 {Strongly threatening ...h5.} 20. axb5 Qxf3+ 21. Kg1 Qg4+ 22. Kh1 Qf3+ 23. Kg1 Qg4+ 24. Kh1 Qf3+ 25. Kg1 Qg4+ 26. Kh1 1/2-1/2

[Event "GAMMA Reykjavik Open 2019"]
[Site "Reykjavik"]
[Date "2019.04.10"]
[Round "4.5"]
[White "Lupulescu, Constantin"]
[Black "Praggnanandhaa R"]
[Result "1-0"]
[WhiteElo "2634"]
[BlackElo "2537"]
[Annotator "TA"]
[PlyCount "71"]
[EventDate "2019.04.04"]
[EventType "swiss"]
[EventCountry "ISL"]
[SourceTitle "playchess.com"]
[Source "ChessBase"]
[SourceQuality "1"]

{[%evp 9,71,0,6,1,23,28,23,33,29,23,25,19,12,17,10,11,20,15,10,3,16,1,3,3,3,0,0,0,18,0,0,0,0,0,0,0,0,0,0,0,0,-8,0,0,0,0,0,0,0,0,0,0,0,0,62,72,1691,1550,1537,1230,29979,29980,29979,4814]} 1. Nf3 Nf6 2. c4 e6 3. Nc3 d5 4. e3 c5 5. cxd5 exd5 6. Bb5+ {A17: English Opening: 1...Nf6 with ...Bb4} (6. d4 Nc6 7. Bb5 cxd4 8. exd4 Bd6 9. Bg5 Be6 10. O-O O-O 11. Re1 Rc8 12. Ne5 h6 13. Bh4 g5 14. Bg3 Ne7 15. Nd7 Bxd7 16. Bxd6 Re8 17. Qf3 Nf5 18. Be5 Ne4 19. Bxd7 Qxd7 20. Nxd5 {1-0 (20) Mamedyarov,S (2801)-Anand,V (2768) Saint Louis 2018}) 6... Bd7 7. Bxd7+ Qxd7 8. O-O {White has an edge.} Nc6 9. d4 Ne4 10. Qc2 $146 ({Predecessor:} 10. dxc5 Nxc3 11. bxc3 Bxc5 12. Qd3 O-O 13. Rd1 {0-1 (40) Hauke,C (2178)-Hubel,M (2071) Baden 2018}) 10... Nxc3 11. bxc3 cxd4 12. cxd4 Be7 13. Ne5 Nxe5 14. dxe5 O-O 15. Bb2 Rac8 16. Qd3 Rc4 17. Rad1 {[%cal Ba1d1,Bd1d2,Bd2f2][%mdl 32]} Rd8 18. f4 f6 19. Bd4 fxe5 20. fxe5 b6 21. h3 Qe6 22. Rd2 Rf8 23. Rxf8+ Bxf8 24. Kh2 Bc5 25. Rf2 h6 26. Rf3 b5 27. Rg3 Bxd4 28. exd4 $11 {[%mdl 4096] Endgame KQR-KQR} b4 29. Rg4 a5 30. Qg3 Qe7 31. Rf4 Rc3 (31... a4 $11) 32. Qg6 $14 Re3 $2 {[%mdl 8192]} (32... a4 $16) 33. Rf6 $18 Rxe5 34. Ra6 {[#] aiming for Ra8+.} Rf5 35. Qxf5 Qc7+ 36. Qe5 {Accuracy: White = 75%, Black = 57%.} (36. Kg1 $142 Qc1+ 37. Kf2 Qd2+ 38. Kg3 Qg5+ 39. Qxg5 hxg5 40. Rxa5 g6 41. Ra7) 1-0